zpět

Detail výsledku týmu

Za Vodojemem, Chrudim

Datum a čas kvízu

27.5 Celkem bodů Celkový počet nahraných bodů na tomto kvízu bez doplňovacích otázek.
2. Pořadí na kvízu Konečné umístění týmu na tomto kvízu.

Zaznamenané odpovědi

# Otázka Odpověď Body Výsledky
1. Centrum alternativní medicíny... AKTIP 1
2. Prezident Umar al-Bašír pod tl... v Súdánu 0
3. Australský herec vyhrál soudní... Geoffrey Rush 1
4. Strakonická firma, specializuj... Moira 1
5. Jedničkou výběru kapitána Petr... Lucie Šafářová 0
6. V tomto tématu se podíváme na... Všechno bude, Zelená kniha 0
5. V českém prostředí jsou v dneš... v Indii 0
8. Komediální road movie Pařba ve... Vo štvorici po opici 0
5. Jak se jmenuje komediální road... Blbý a blbější 1
10. Jistou formou road movies jsou... v Argentině 0